Predstratové financovanie zabezpečovacím fondom versus poistenie

Firma tvorí fond, do ktorého sú platené príspevky (kvázi poistné) a z ktorých sú hradené finančné pohľadávky, vyvolané stratovými udalosťami. Analýza zabezpečovacích fondov bez uvažovania transakčných nákladov alternatívnych zdrojov financovania. Analýza zabezpečovacích fondov, keď alternatívne zdro...

Descripción completa

Guardado en:
Detalles Bibliográficos
Autor principal: Pinda, Ľudovít, 1958-
Otros Autores: Smažáková, Lenka, 1991-
Formato: Capítulo de libro
Lenguaje:eslovaco
Materias:
Etiquetas: Agregar Etiqueta
Sin Etiquetas, Sea el primero en etiquetar este registro!

MARC

LEADER 00000nla a2200000 4500
001 0226268
005 20240502073722.4
041 0 |a slo 
044 |a SK 
245 1 0 |a Predstratové financovanie zabezpečovacím fondom versus poistenie  |c Ľudovít Pinda, Lenka Smažáková 
520 |a Firma tvorí fond, do ktorého sú platené príspevky (kvázi poistné) a z ktorých sú hradené finančné pohľadávky, vyvolané stratovými udalosťami. Analýza zabezpečovacích fondov bez uvažovania transakčných nákladov alternatívnych zdrojov financovania. Analýza zabezpečovacích fondov, keď alternatívne zdroje financovania majú transakčné náklady. Dôvod pre financovanie prostredníctvom zabezpečovacieho fondu môže vzniknúť, ak zabezpečovací fond zabráni vzniknutým nákladom inými formami financovania. Rozoberaná problematika sa dá aplikovať na náhradu škôd v prípade nízkej úrody poľnohospodárskych plodín spôsobených katastrofickými udalosťami. 
610 2 0 |a firmy 
610 2 0 |a fondy podnikové 
610 2 0 |a pohľadávky 
610 2 0 |a fond poistný 
610 2 0 |a poistenie 
610 2 0 |a udalosti poistné 
610 2 0 |a riziko poistné 
610 2 0 |a poľnohospodárstvo 
100 1 |a Pinda, Ľudovít, 1958- 
700 1 |a Smažáková, Lenka, 1991-